A Text Book of Jurisprudence/ (Record no. 1727)
[ view plain ]
| 000 -LEADER | |
|---|---|
| fixed length control field | 00625nam a2200241Ia 4500 |
| 003 - CONTROL NUMBER IDENTIFIER | |
| control field | BUBTL |
| 008 - FIXED-LENGTH DATA ELEMENTS--GENERAL INFORMATION | |
| fixed length control field | 151213s9999 xx 000 0 und d |
| 041 ## - LANGUAGE CODE | |
| Language code of text/sound track or separate title | English |
| 082 ## - DEWEY DECIMAL CLASSIFICATION NUMBER | |
| Classification number | 340.5/ P2743j/ 1951 |
| 100 ## - MAIN ENTRY--PERSONAL NAME | |
| Personal name | Paton, G. W. |
| 9 (RLIN) | 4146 |
| 245 ## - TITLE STATEMENT | |
| Title | A Text Book of Jurisprudence/ |
| Statement of responsibility, etc. | G.W. Paton |
| 250 ## - EDITION STATEMENT | |
| Edition statement | 2nd |
| 260 ## - PUBLICATION, DISTRIBUTION, ETC. (IMPRINT) | |
| Place of publication, distribution, etc. | London |
| Name of publisher, distributor, etc. | Oxford University |
| Date of publication, distribution, etc. | c1951 |
| 300 ## - PHYSICAL DESCRIPTION | |
| Extent | 526p . : |
| Other physical details | ill . ; 22cm. |
| 500 ## - GENERAL NOTE | |
| General note | Includes Index |
| 526 ## - STUDY PROGRAM INFORMATION NOTE | |
| Program name | Law |
| 650 ## - SUBJECT ADDED ENTRY--TOPICAL TERM | |
| Topical term or geographic name as entry element | Law |
| 9 (RLIN) | 4147 |
| 650 ## - SUBJECT ADDED ENTRY--TOPICAL TERM | |
| Topical term or geographic name as entry element | Law |
| 9 (RLIN) | 4147 |
| 700 ## - ADDED ENTRY--PERSONAL NAME | |
| Personal name | G. W. Paton |
| 9 (RLIN) | 5425 |
| 856 ## - ELECTRONIC LOCATION AND ACCESS | |
| Password | 0 |
| Logon | 0 |
| Link text | Download |
| 942 ## - ADDED ENTRY ELEMENTS (KOHA) | |
| Source of classification or shelving scheme | |
| Koha item type | Books |
| Withdrawn status | Lost status | Source of classification or shelving scheme | Damaged status | Not for loan | Collection code | Permanent location | Current location | Shelving location | Date acquired | Inventory number | Total Checkouts | Full call number | Barcode | Date last seen | Copy number | Price effective from | Koha item type | Source of acquisition |
|---|---|---|---|---|---|---|---|---|---|---|---|---|---|---|---|---|---|---|
| Not For Loan | Non-fiction | Bangladesh University of Business and Technology Library | Bangladesh University of Business and Technology Library | Law Stacks | 08/26/2021 | 2479 | 340.5/PAJ | BUBTL-20032479 | 08/26/2021 | C-1 | 08/26/2021 | Books | ||||||
| Non-fiction | Bangladesh University of Business and Technology Library | Bangladesh University of Business and Technology Library | Law Stacks | 08/26/2021 | 18045 | 340.5/PAJ | BUBTL-200318045 | 08/26/2021 | C-2 | 08/26/2021 | Books | |||||||
| Non-fiction | Bangladesh University of Business and Technology Library | Bangladesh University of Business and Technology Library | Law Stacks | 08/26/2021 | 18044 | 340.5/PAJ | BUBTL-200318044 | 08/26/2021 | C-3 | 08/26/2021 | Books | |||||||
| Non-fiction | Bangladesh University of Business and Technology Library | Bangladesh University of Business and Technology Library | Law Stacks | 08/26/2021 | 18043 | 340.5/PAJ | BUBTL-200318043 | 08/26/2021 | C-4 | 08/26/2021 | Books | |||||||
| Non-fiction | Bangladesh University of Business and Technology Library | Bangladesh University of Business and Technology Library | Law Stacks | 11/27/2005 | 2477 | 340.5/ P2743j/ 1951 | BUBTL-20032477 | 08/09/2023 | C-5 | 08/09/2023 | Books | Purchase | ||||||
| Non-fiction | Bangladesh University of Business and Technology Library | Bangladesh University of Business and Technology Library | Law Stacks | 11/27/2005 | 2480 | 340.5/ P2743j/ 1951 | BUBTL-20032480 | 08/09/2023 | C-2 | 08/09/2023 | Books | Purchase |
